[Event "Regionalliga Nord-Ost 1819"]
[Site "Bayern"]
[Date "2018.11.11"]
[Round "2.8"]
[White "Classen, Andrej"]
[Black "Renner, Manfred"]
[Result "1-0"]
[WhiteElo "1781"]
[BlackElo "1827"]
[PlyCount "109"]
[EventDate "2018.10.21"]
[EventType "team-tourn"]
[EventRounds "9"]
[EventCountry "GER"]
[SourceTitle "EXT 2022"]
[Source "ChessBase"]
[SourceDate "2021.10.06"]
[SourceVersion "1"]
[SourceVersionDate "2021.10.06"]
[SourceQuality "1"]
[WhiteTeam "Buechenbach/Roth"]
[BlackTeam "Kelheim SK II"]
[WhiteTeamCountry "GER"]
[BlackTeamCountry "GER"]

1. e4 c5 2. f4 e6 3. Nf3 d5 4. d3 dxe4 5. dxe4 Qxd1+ 6. Kxd1 Nf6 7. Nc3 a6 8. h3 h5 9. Be3 b5 10. e5 Nd5 11. Nxd5 exd5 12. a4 b4 13. c3 bxc3 14. bxc3 Bf5 15. Kd2 Nc6 16. Bd3 Bxd3 17. Kxd3 Na5 18. Rab1 Be7 19. Rb6 Bd8 20. Rd6 Nc4 21. Rxd5 Nb2+ 22. Kc2 Nxa4 23. Bxc5 Rb8 24. Nd2 Rb2+ 25. Kd3 Rb5 26. Ne4 Be7 27. Kd4 Bxc5+ 28. Nxc5 Nb6 29. Rd6 Ke7 30. Nxa6 Rc8 31. Nb4 Ke8 32. Rf1 Nc4 33. Rc6 Rxc6 34. Nxc6 Nb6 35. Nb4 Kd7 36. g4 hxg4 37. hxg4 Ke6 38. f5+ Kd7 39. g5 Ke7 40. Ra1 Nc8 41. Ra6 Rb7 42. Nd5+ Kd8 43. c4 Rb1 44. e6 fxe6 45. Rxe6 Rf1 46. f6 gxf6 47. Nxf6 Ne7 48. Nd5 Nf5+ 49. Ke5 Ng7 50. Rd6+ Ke8 51. g6 Rf5+ 52. Ke4 Rf1 53. Rc6 Re1+ 54. Kd3 Ne6 55. Rxe6+ 1-0

[Event "GER Seniors Derby 14th"]
[Site "Wesel Undeloh"]
[Date "2015.04.19"]
[Round "9"]
[White "Renner, Manfred"]
[Black "Voss, Hubertus"]
[Result "1/2-1/2"]
[WhiteElo "1897"]
[BlackElo "2078"]
[PlyCount "22"]
[EventDate "2015.04.15"]
[EventType "swiss"]
[EventRounds "9"]
[EventCountry "GER"]
[SourceTitle "EXT 2018"]
[Source "ChessBase"]
[SourceDate "2017.10.13"]
[SourceVersion "1"]
[SourceVersionDate "2017.10.13"]
[SourceQuality "1"]

1. e4 c6 2. d4 d5 3. exd5 cxd5 4. c4 e6 5. Nc3 Nf6 6. Bf4 Bd6 7. Bxd6 Qxd6 8. c5 Qd8 9. Nf3 0-0 10. Bd3 b6 11. b4 bxc5 1/2-1/2

[Event "Landesliga Nord 1011"]
[Site "Bayern"]
[Date "2011.04.10"]
[Round "9.8"]
[White "Ulusoy, Tolga"]
[Black "Renner, Manfred"]
[Result "1/2-1/2"]
[WhiteElo "1982"]
[BlackElo "1943"]
[PlyCount "126"]
[EventDate "2010.10.10"]
[EventType "team-tourn"]
[EventRounds "9"]
[EventCountry "GER"]
[SourceTitle "EXT 2012"]
[Source "ChessBase"]
[SourceDate "2011.11.24"]
[SourceVersion "1"]
[SourceVersionDate "2011.11.24"]
[SourceQuality "1"]
[WhiteTeam "Nuernberg NT II"]
[BlackTeam "Kelheim"]
[WhiteTeamCountry "GER"]
[BlackTeamCountry "GER"]

1. e4 c5 2. c3 d5 3. exd5 Qxd5 4. d4 e6 5. Nf3 Nf6 6. Be3 cxd4 7. cxd4 Nc6 8. Nc3 Bb4 9. Bd3 0-0 10. 0-0 Bxc3 11. bxc3 b6 12. Bg5 Ne8 13. Qc2 f5 14. Rfe1 Nf6 15. Ne5 Na5 16. Rad1 Bb7 17. f3 Rac8 18. Qb2 Qd6 19. c4 Rcd8 20. Be3 Rc8 21. Bd2 Nc6 22. Nxc6 Qxc6 23. d5 exd5 24. Bxf5 Rce8 25. Bb4 Rxe1+ 26. Rxe1 Re8 27. cxd5 Rxe1+ 28. Bxe1 Qxd5 29. Bc2 Qe6 30. Bf2 Bd5 31. a4 Bc4 32. Qd4 Qe2 33. Qd1 Qxd1+ 34. Bxd1 Nd7 35. Bd4 Kf7 36. Kf2 g6 37. Ke3 Ke6 38. f4 Kd5 39. g4 Kd6 40. h4 a6 41. Bc2 b5 42. axb5 axb5 43. h5 Bf7 44. hxg6 hxg6 45. Bc3 Kc5 46. Bd3 b4 47. Bd4+ Kd6 48. Be4 Nc5 49. Be5+ Ke6 50. Bb1 b3 51. Kd4 Nd7 52. Bg7 Nf6 53. g5 Nd5 54. Be5 Ne7 55. Kc3 Nc6 56. Bf6 Kd6 57. Bd3 Ne7 58. Be5+ Kc5 59. Bd4+ Kd6 60. Kb2 Nc6 61. Bc3 Kc5 62. Be2 Nd4 63. Bd1 Kd5 1/2-1/2

[Event "Landesliga Nord 0607"]
[Site "Bayern"]
[Date "2006.12.10"]
[Round "4.8"]
[White "Renner, Manfred"]
[Black "Kirschbaum, Heinrich"]
[Result "1/2-1/2"]
[WhiteElo "2043"]
[BlackElo "2034"]
[PlyCount "41"]
[EventDate "2006.10.15"]
[EventType "team"]
[EventRounds "9"]
[EventCountry "GER"]
[SourceTitle "EXT 2008"]
[Source "ChessBase"]
[SourceDate "2007.11.25"]
[SourceVersion "1"]
[SourceVersionDate "2007.11.25"]
[SourceQuality "1"]
[WhiteTeam "Kelheim"]
[BlackTeam "Regensburg Fortuna II"]
[WhiteTeamCountry "GER"]
[BlackTeamCountry "GER"]

1. e4 g6 2. d4 Bg7 3. Nf3 d6 4. Be2 Nf6 5. Nc3 0-0 6. 0-0 Bg4 7. Be3 Nc6 8. h3 Bxf3 9. Bxf3 e5 10. d5 Ne7 11. Qd2 Nd7 12. Rae1 a6 13. a4 f5 14. exf5 gxf5 15. Bg5 Nf6 16. g4 Qd7 17. gxf5 Qxf5 18. Bg2 Ng6 19. f4 exf4 20. Bxf4 Qd7 21. Bg5 1/2-1/2

[Event "Landesliga Nord 0304"]
[Site "Bayern"]
[Date "2003.10.12"]
[Round "1.8"]
[White "Renner, Manfred"]
[Black "Keck, Ingolf"]
[Result "1/2-1/2"]
[WhiteElo "2024"]
[BlackElo "2102"]
[PlyCount "49"]
[EventDate "2003.10.??"]
[EventType "team"]
[EventRounds "9"]
[EventCountry "GER"]
[SourceTitle "EXT 2006"]
[Source "ChessBase"]
[SourceDate "2005.11.24"]
[SourceVersion "1"]
[SourceVersionDate "2005.11.24"]
[SourceQuality "1"]
[WhiteTeam "Kelheim"]
[BlackTeam "Regensburg Fortuna II"]
[WhiteTeamCountry "GER"]
[BlackTeamCountry "GER"]

1. e4 g6 2. d4 Bg7 3. Nf3 d6 4. c3 Bg4 5. h3 Bxf3 6. Qxf3 Nd7 7. Bb5 c6 8. Ba4 Ngf6 9. 0-0 0-0 10. Qe2 e5 11. dxe5 dxe5 12. Bc2 Qc7 13. Be3 Rad8 14. Nd2 Rfe8 15. a4 b6 16. Qc4 Nf8 17. Rfd1 Ne6 18. Nf3 Rxd1+ 19. Rxd1 Rd8 20. Rxd8+ Nxd8 21. Qd3 Nd7 22. Bb3 Nf8 23. Nd2 Nfe6 24. g3 Bf8 25. Bc2 1/2-1/2

[Event "Landesliga Nord 0102"]
[Site "Bayern"]
[Date "2002.01.20"]
[Round "4.8"]
[White "Pal, Gyorgy"]
[Black "Renner, Manfred"]
[Result "0-1"]
[WhiteElo "1705"]
[BlackElo "2015"]
[PlyCount "76"]
[EventDate "2001.10.07"]
[EventType "team"]
[EventRounds "9"]
[EventCountry "GER"]
[SourceTitle "EXT 2003"]
[Source "ChessBase"]
[SourceDate "2002.11.25"]
[SourceVersion "1"]
[SourceVersionDate "2002.11.25"]
[SourceQuality "1"]
[WhiteTeam "Erlangen"]
[BlackTeam "Kelheim"]
[WhiteTeamCountry "GER"]
[BlackTeamCountry "GER"]

1. e4 c5 2. c3 Nf6 3. e5 Nd5 4. d4 cxd4 5. cxd4 e6 6. Nf3 Nc6 7. a3 d6 8. Bd3 g6 9. Nbd2 dxe5 10. Nc4 exd4 11. 0-0 Bg7 12. Re1 0-0 13. Bg5 f6 14. Bh4 b5 15. Nce5 Nxe5 16. Nxe5 Qe8 17. Nf3 f5 18. Bc2 Qc6 19. Rc1 Qb6 20. Bb3 Bb7 21. Ne5 Rfe8 22. Bg3 Rac8 23. Rxc8 Rxc8 24. Re2 g5 25. h4 f4 26. Bh2 Qd6 27. Nf3 g4 28. Nxd4 Bxd4 29. Qxd4 Rc1+ 30. Bd1 Qc6 31. f3 g3 32. Bxg3 fxg3 33. Qg4+ Kh8 34. Qd4+ Kg8 35. Qg4+ Kf8 36. Qd4 Qb6 37. Qxb6 axb6 38. Rd2 Ne3 0-1

[Event "Landesliga Nord 9900"]
[Site "Bayern"]
[Date "2000.01.30"]
[Round "5.7"]
[White "Renner, Manfred"]
[Black "Heumann, Joern"]
[Result "1/2-1/2"]
[WhiteElo "1970"]
[BlackElo "2030"]
[PlyCount "33"]
[EventDate "1999.10.10"]
[EventType "team-tourn"]
[EventRounds "9"]
[EventCountry "GER"]
[SourceTitle "EXT 2020"]
[Source "ChessBase"]
[SourceDate "2019.10.17"]
[SourceVersion "1"]
[SourceVersionDate "2019.10.17"]
[SourceQuality "1"]
[WhiteTeam "Kelheim"]
[BlackTeam "Regensburg Fortuna"]
[WhiteTeamCountry "GER"]
[BlackTeamCountry "GER"]

1. e4 c5 2. c3 Nf6 3. e5 Nd5 4. d4 cxd4 5. Qxd4 e6 6. Bc4 Nc6 7. Qe4 f5 8. Qe2 Nde7 9. Nf3 Ng6 10. 0-0 Qc7 11. Re1 Be7 12. Nbd2 0-0 13. b4 b6 14. Bb2 Bb7 15. a3 Nf4 16. Qe3 g5 17. Bf1 1/2-1/2

[Event "Landesliga Nord 9899"]
[Site "Bayern"]
[Date "1999.03.14"]
[Round "6.8"]
[White "Hirn, Erwin"]
[Black "Renner, Manfred"]
[Result "1/2-1/2"]
[WhiteElo "1990"]
[BlackElo "1970"]
[PlyCount "60"]
[EventDate "1998.10.11"]
[EventType "team-tourn"]
[EventRounds "9"]
[EventCountry "GER"]
[SourceTitle "EXT 2020"]
[Source "ChessBase"]
[SourceDate "2019.10.17"]
[SourceVersion "1"]
[SourceVersionDate "2019.10.17"]
[SourceQuality "1"]
[WhiteTeam "Nuernberg Sued SW"]
[BlackTeam "Kelheim"]
[WhiteTeamCountry "GER"]
[BlackTeamCountry "GER"]

1. d4 Nf6 2. c4 c5 3. d5 b5 4. cxb5 a6 5. b6 Qxb6 6. Nc3 d6 7. e4 g6 8. h3 Bg7 9. Nf3 0-0 10. Be2 Nbd7 11. 0-0 Qb8 12. a4 Qc7 13. Nd2 Kh8 14. a5 Bb7 15. Nc4 Rad8 16. Bf4 Ne5 17. Bxe5 dxe5 18. Qc2 e6 19. dxe6 fxe6 20. Bf3 Rd4 21. Nd2 c4 22. Ne2 Rxd2 23. Qxd2 Nxe4 24. Qe3 Nf6 25. Bxb7 Qxb7 26. Qb6 Rb8 27. Qxb7 Rxb7 28. Rfc1 Rb4 29. b3 cxb3 30. Rc8+ Ng8 1/2-1/2

[Event "Landesliga Nord 9798"]
[Site "Bayern"]
[Date "1998.02.15"]
[Round "6.7"]
[White "Renner, Manfred"]
[Black "Link, Klaus"]
[Result "1-0"]
[WhiteElo "1970"]
[BlackElo "1975"]
[PlyCount "113"]
[EventDate "1997.10.19"]
[EventType "team-tourn"]
[EventRounds "9"]
[EventCountry "GER"]
[SourceTitle "EXT 2020"]
[Source "ChessBase"]
[SourceDate "2019.10.17"]
[SourceVersion "1"]
[SourceVersionDate "2019.10.17"]
[SourceQuality "1"]
[WhiteTeam "Kelheim"]
[BlackTeam "Obernburg"]
[WhiteTeamCountry "GER"]
[BlackTeamCountry "GER"]

1. e4 c5 2. c3 Nf6 3. e5 Nd5 4. d4 d6 5. Nf3 Nc6 6. exd6 Qxd6 7. Na3 e6 8. Nc4 Qc7 9. Nce5 Bd6 10. Nxc6 bxc6 11. c4 Nf6 12. Be2 0-0 13. 0-0 cxd4 14. Qxd4 c5 15. Qh4 Bb7 16. Rd1 Rab8 17. b3 Nd7 18. Bb2 h6 19. Rd2 Ne5 20. Nxe5 Bxe5 21. Bxe5 Qxe5 22. Rad1 Bc6 23. Qe7 Rb7 24. Qd6 Qxd6 25. Rxd6 Rc7 26. f3 a5 27. Kf2 g5 28. Ke3 Kg7 29. Rd8 Rc8 30. R8d6 Rfe8 31. Bd3 f5 32. Bc2 h5 33. h3 Kf6 34. Kf2 h4 35. Re1 Re7 36. g4 hxg3+ 37. Kxg3 f4+ 38. Kg2 Bb7 39. Rb6 Rc6 40. Rb5 Rd6 41. Kf2 Rd2+ 42. Re2 Rxe2+ 43. Kxe2 Rc7 44. Rxa5 Ke5 45. Rb5 Kd4 46. Rb6 Bc6 47. a4 e5 48. a5 e4 49. Bxe4 Bxe4 50. fxe4 Kxe4 51. a6 Kf5 52. Rb7 Rc6 53. a7 Ra6 54. b4 cxb4 55. c5 b3 56. c6 b2 57. c7 1-0

[Event "Regionalliga NO 9596"]
[Site "Bayern"]
[Date "1996.??.??"]
[Round "?"]
[White "Renner, Manfred"]
[Black "Zollstab, Juergen"]
[Result "0-1"]
[WhiteElo "2055"]
[BlackElo "2105"]
[PlyCount "79"]
[EventDate "1995.10.??"]
[EventType "team-tourn"]
[EventRounds "9"]
[EventCountry "GER"]
[SourceTitle "EXT 1999"]
[Source "ChessBase"]
[SourceDate "1998.11.16"]
[SourceVersion "1"]
[SourceVersionDate "1998.11.16"]
[SourceQuality "1"]
[WhiteTeam "Kelheim II"]
[BlackTeam "Gunzenhausen"]
[WhiteTeamCountry "GER"]
[BlackTeamCountry "GER"]

1. e4 g6 2. d4 Bg7 3. Nf3 d6 4. Be2 Nc6 5. h3 e5 6. dxe5 Nxe5 7. Nd4 Bd7 8. Nc3 Nc6 9. Be3 Nge7 10. 0-0 0-0 11. Qd2 h6 12. Nxc6 Nxc6 13. Bxh6 Qh4 14. Bxg7 Kxg7 15. f4 Bxh3 16. Qe1 Qxe1 17. Raxe1 Bd7 18. Nd5 Rac8 19. Bd3 f6 20. Rf3 Rh8 21. Rg3 Rh6 22. a3 Be6 23. b4 Kf7 24. Rge3 Rh5 25. b5 Ne7 26. Nxe7 Kxe7 27. f5 Bd7 28. fxg6 Bxb5 29. e5 Bxd3 30. exd6+ Kxd6 31. Rxd3+ Rd5 32. Rf3 f5 33. g7 Rg8 34. Rg3 Kd7 35. Rg5 Rc5 36. Re2 b6 37. g4 fxg4 38. Rxg4 Rf5 39. Rf2 Ke6 40. Kg2 0-1

[Event "Regionalliga NO 9495"]
[Site "Bayern"]
[Date "1995.??.??"]
[Round "?.3"]
[White "Renner, Manfred"]
[Black "Hanisch, Friedrich"]
[Result "1/2-1/2"]
[WhiteElo "2075"]
[BlackElo "2055"]
[PlyCount "49"]
[EventDate "1994.10.??"]
[EventType "team-tourn"]
[EventRounds "9"]
[EventCountry "GER"]
[SourceTitle "EXT 1999"]
[Source "ChessBase"]
[SourceDate "1998.11.16"]
[SourceVersion "1"]
[SourceVersionDate "1998.11.16"]
[SourceQuality "1"]
[WhiteTeam "Kelheim II"]
[BlackTeam "Lauf"]
[WhiteTeamCountry "GER"]
[BlackTeamCountry "GER"]

1. e4 c6 2. d4 d5 3. exd5 cxd5 4. c4 Nf6 5. Nc3 Nc6 6. Nf3 Bg4 7. cxd5 Nxd5 8. Be2 e6 9. 0-0 Nxc3 10. bxc3 Bd6 11. h3 Bh5 12. Qb3 Qc7 13. Re1 0-0 14. Bb2 Na5 15. Qb5 Bg6 16. c4 a6 17. Qa4 b5 18. cxb5 axb5 19. Qd1 Nc4 20. Bxc4 bxc4 21. Bc3 Ra3 22. Qd2 Rfa8 23. Ne5 Bxe5 24. Rxe5 Bd3 25. Rc5 1/2-1/2

[Event "Regionalliga NO 9495"]
[Site "Bayern"]
[Date "1995.??.??"]
[Round "?.2"]
[White "Zollstab, Juergen"]
[Black "Renner, Manfred"]
[Result "1-0"]
[WhiteElo "2135"]
[BlackElo "2075"]
[PlyCount "109"]
[EventDate "1994.10.??"]
[EventType "team-tourn"]
[EventRounds "9"]
[EventCountry "GER"]
[SourceTitle "EXT 1999"]
[Source "ChessBase"]
[SourceDate "1998.11.16"]
[SourceVersion "1"]
[SourceVersionDate "1998.11.16"]
[SourceQuality "1"]
[WhiteTeam "Gunzenhausen"]
[BlackTeam "Kelheim II"]
[WhiteTeamCountry "GER"]
[BlackTeamCountry "GER"]

1. d4 Nf6 2. Bg5 Ne4 3. Bh4 d5 4. Nd2 Nf6 5. Bxf6 exf6 6. e3 Bd6 7. g3 0-0 8. Bg2 c6 9. Ne2 Nd7 10. 0-0 f5 11. c4 dxc4 12. Nxc4 Nb6 13. b3 Be6 14. Rc1 Nxc4 15. bxc4 Ba3 16. Rc2 Qa5 17. Nf4 Rad8 18. Qb1 Qa6 19. Qb3 Rfe8 20. Nxe6 Rxe6 21. c5 b5 22. cxb6 axb6 23. Rxc6 Rxc6 24. Bxc6 Bd6 25. a4 Qa5 26. Rb1 Bc7 27. Qb5 Qxb5 28. axb5 Rd6 29. Ra1 Kf8 30. Ra7 Bd8 31. Kf1 g5 32. f4 gxf4 33. gxf4 Rh6 34. Kg2 Rg6+ 35. Kf3 Rh6 36. Rd7 Be7 37. Rb7 Rh3+ 38. Kg2 Rxe3 39. Rxb6 Rd3 40. Rb8+ Kg7 41. d5 Bd6 42. Rd8 Bc7 43. Rc8 Bb6 44. h4 Kf6 45. h5 Rd2+ 46. Kf3 Rd3+ 47. Ke2 Rd4 48. Bb7 Ke7 49. Rc6 Bd8 50. Rh6 Rxf4 51. Rxh7 Rh4 52. Rh8 Rh3 53. d6+ Kd7 54. Bc6+ Kc8 55. b6 1-0

[Event "Regionalliga NO 9495"]
[Site "Bayern"]
[Date "1994.??.??"]
[Round "?.2"]
[White "Renner, Manfred"]
[Black "Polzer, Hans"]
[Result "0-1"]
[WhiteElo "2075"]
[BlackElo "2090"]
[PlyCount "112"]
[EventDate "1994.10.??"]
[EventType "team-tourn"]
[EventRounds "9"]
[EventCountry "GER"]
[SourceTitle "EXT 1999"]
[Source "ChessBase"]
[SourceDate "1998.11.16"]
[SourceVersion "1"]
[SourceVersionDate "1998.11.16"]
[SourceQuality "1"]
[WhiteTeam "Kelheim II"]
[BlackTeam "Furth im Wald"]
[WhiteTeamCountry "GER"]
[BlackTeamCountry "GER"]

1. e4 g6 2. d4 Bg7 3. Nf3 c6 4. Be2 d5 5. e5 f6 6. exf6 exf6 7. h4 Bg4 8. Bf4 Nh6 9. 0-0 0-0 10. Nbd2 Nd7 11. c4 Re8 12. Re1 Qb6 13. Qa4 Nf8 14. c5 Qd8 15. Bd3 Qd7 16. Rxe8 Qxe8 17. Re1 Qd7 18. b4 a6 19. Qc2 Re8 20. Rxe8 Qxe8 21. Nh2 Qe1+ 22. Ndf1 Bf5 23. Bd2 Qa1 24. Bxf5 Nxf5 25. Nf3 Nxd4 26. Nxd4 Qxd4 27. g3 f5 28. Nh2 Qb2 29. Qxb2 Bxb2 30. Nf3 Ne6 31. Kf1 a5 32. Ne1 Ba3 33. Nc2 Bxb4 34. Nxb4 axb4 35. Bxb4 Kf7 36. Ke2 Nc7 37. a4 Ke6 38. Ke3 Na6 39. Ba3 Nb8 40. Kd4 Nd7 41. Bc1 Ne5 42. Bf4 Nf7 43. Bc1 h6 44. Bd2 Kf6 45. Ke3 Nd8 46. Bc3+ Kf7 47. Bb4 Ne6 48. Ba3 g5 49. hxg5 hxg5 50. f4 Kg6 51. Bb4 Kh5 52. fxg5 Kxg5 53. Kf3 Nd4+ 54. Kf2 Kg4 55. Bc3 Ne6 56. Bb4 Ng5 0-1

[Event "Bayern-chB 59th"]
[Site "Wildflecken"]
[Date "1988.??.??"]
[Round "5"]
[White "Renner, Manfred"]
[Black "Ploetz, Werner"]
[Result "1/2-1/2"]
[WhiteElo "2104"]
[BlackElo "2250"]
[PlyCount "161"]
[EventDate "1988.07.29"]
[EventType "swiss"]
[EventRounds "9"]
[EventCountry "GER"]
[SourceTitle "EXT 1997"]
[Source "ChessBase"]
[SourceDate "1996.11.15"]
[SourceVersion "1"]
[SourceVersionDate "1996.11.15"]
[SourceQuality "1"]

1. e4 c5 2. c3 d6 3. d4 Nf6 4. dxc5 Nc6 5. Bc4 e6 6. Bg5 dxc5 7. Qxd8+ Kxd8 8. Nf3 h6 9. Bxf6+ gxf6 10. Nbd2 Bd6 11. 0-0-0 Ke7 12. Rhe1 a6 13. a4 Rb8 14. Bf1 b5 15. axb5 axb5 16. b3 Rd8 17. Kc2 Bc7 18. Re3 b4 19. c4 Bb7 20. Ra1 Ra8 21. Rxa8 Rxa8 22. Kb2 Bf4 23. Re1 Ne5 24. g3 Nxf3 25. Nxf3 Bc7 26. Bg2 Rd8 27. Kc2 Bc6 28. Re2 Kf8 29. Ne1 Be5 30. Nd3 Bd4 31. f3 Ra8 32. Nc1 Kg7 33. f4 Ra1 34. Bh3 Ra8 35. Bg2 Re8 36. g4 Rg8 37. Bf3 f5 38. h3 Rd8 39. Nd3 Ra8 40. Nc1 Bc3 41. Re3 Bd4 42. Re2 fxg4 43. Bxg4 Kf8 44. Kd3 Ra1 45. Kc2 Ke7 46. Bh5 f6 47. Bg6 Ra8 48. Bh5 Rg8 49. Bg4 Rd8 50. Nd3 Ra8 51. Nc1 Rg8 52. Nd3 Be8 53. Rg2 h5 54. Bf3 Rxg2+ 55. Bxg2 Bc6 56. Nc1 Be3 57. Ne2 Bf2 58. Kd3 f5 59. Nc1 h4 60. Bh1 Bd4 61. Ne2 e5 62. Bg2 fxe4+ 63. Bxe4 Bd7 64. fxe5 Bxe5 65. Ng1 Bd4 66. Nf3 Bf2 67. Ke2 Bg3 68. Ng1 Kf6 69. Ke3 Be8 70. Bd5 Bd7 71. Be4 Kg5 72. Nf3+ Kh5 73. Ng1 Bd6 74. Bd5 Be7 75. Bf7+ Kg5 76. Bd5 Kg6 77. Be4+ Kh5 78. Bd5 Bg5+ 79. Ke4 Kg6 80. Ke5 Be3 81. Nf3 1/2-1/2